| 000 | 01174nam a2200289 a 4500 | ||
|---|---|---|---|
| 001 | 000109942 | ||
| 003 | CHAP | ||
| 005 | 20220329144110.0 | ||
| 008 | 140611s2012 mx |r| |||||||spa d | ||
| 010 | _a106404 | ||
| 011 | _a107376 | ||
| 040 | _cCHAP | ||
| 090 | _aFolleto 18431 | ||
| 245 | 0 | 0 |
_aHacia una agenda nacional en ciencia, tecnología e innovación : _bobjetivo estratégico para una política de Estado 2012-2018: hacer del conocimiento y la innovación una palanca fundamental para el crecimiento económico sustentable de México, que favorezca el desarrollo humano, posibilite una mayor justicia social, consolide la democracia y la paz, y fortalezca la soberanía nacional / _cpor [UNAM]. |
| 260 |
_aCiudad Universitaria, D.F. : _b[s.n.], _c2012. |
||
| 300 | _a44 p. | ||
| 590 |
_aE6096MTM _b05 _c20140611 _lUCH01 _h1451 |
||
| 650 | 1 | 4 |
_aCiencia y Estado _xMéxico. _923151 |
| 650 | 1 | 4 |
_aDesarrollo humano. _9124422 |
| 650 | 1 | 4 |
_aInnovaciones tecnológicas. _958829 |
| 650 | 1 | 4 |
_aPolítica científica. _990459 |
| 650 | 1 | 4 |
_aPolítica tecnológica. _990712 |
| 650 | 1 | 4 |
_aTecnología y Estado. _9111967 |
| 901 | _aBK | ||
| 942 | _cFOLL | ||
| 942 | _n0 | ||
| 999 |
_c106404 _d106404 |
||